000 nam a22 7a 4500
999 _c9569
_d9569
008 180205b ||||| |||| 00| 0 eng d
100 _aGupta,S.P.
_95720
245 _aGeography-VIII
260 _aNew Delhi
_bAPC
_c2014